| 000 | 00795cam a22002893a 4500 | ||
|---|---|---|---|
| 001 | 7423 | ||
| 003 | PGUSA | ||
| 005 | 20140828083144.0 | ||
| 008 | 050201s2005||||xxu|||||s|||||000 1 eng d | ||
| 040 |
_aPGUSA _beng |
||
| 042 | _adc | ||
| 050 | 4 | _aPR | |
| 050 | 4 | _aPZ | |
| 100 | 1 |
_aWodehouse, P. G. _q(Pelham Grenville), _d1881-1975 |
|
| 245 | 1 | 0 |
_aMike _h[electronic resource] / _cP. G. Wodehouse |
| 260 |
_bProject Gutenberg, _c2005 |
||
| 506 | _aPublic domain in the USA. | ||
| 516 | _aElectronic text | ||
| 653 | _aEngland -- Fiction | ||
| 653 | _aHumorous stories | ||
| 653 | _aBoarding schools -- Fiction | ||
| 653 | _aCricket -- Fiction | ||
| 653 | _aSchools -- Fiction | ||
| 830 | 0 |
_aProject Gutenberg _v7423 |
|
| 856 | 4 | 0 | _uhttp://www.gutenberg.org/ebooks/7423 |
| 942 | _cEB | ||
| 999 |
_c236743 _d236743 |
||